000 00472nam a2200169Ia 4500
003 0100
008 130227s9999 xx 000 0 und d
040 _cARRUPELIB
050 _aBM 205 G55 1991
100 _aGoldman, Ari L
_915415
245 4 _aThe Search for God at Harvard
260 _aNew York
_bBallantine Books.
_c1992
300 _axii
300 _b 283p. 20cm.
650 _bOral communication--Religious aspects--Christianity
_915416
942 _2lcc
_cMONOGRAPH
999 _c7217
_d7217